| 000 | 00702nam a22001697a 4500 | ||
|---|---|---|---|
| 999 |
_c57825 _d57825 |
||
| 005 | 20210118115020.0 | ||
| 008 | 201224c2020 ge ||||| |||| 00| 0 geo d | ||
| 041 | _ageo | ||
| 245 |
_aგადასახადები და აღრიცხვა : _b2020 / _cმთ. რედაქტორი კოტე უბირია. |
||
| 260 |
_aთბილისი, _c2020. |
||
| 300 |
_a54 გვ. _b30 სმ. |
||
| 653 | _aეკონომიკა | ||
| 653 | _aგადასახადები და აღრიცხვა | ||
| 653 | _aპერიოდიკა | ||
| 700 |
_aუბირია, კოტე _eმთავ. რედაქტორი _96341 |
||
| 942 |
_2udc _cBK |
||